000 00510nam a2200217Ia 4500
003 OSt
005 20220924151119.0
006 a|||||r|||| 00| 0
007 ta
008 220923b |||||||| |||| 00| 0 tel d
024 _a336145
037 _cTextual
040 _aARTS
_cARTS
_btel
041 _2tel
_atel
082 _aO35,3NMA1,1, K4
245 0 _aVassanthi
260 _c1964
650 _aTELUGU FICTION
942 _hO35,3NMA1,1, K4
_cTEXL
_2CC
999 _c465551
_d465551